Feminine Aesthetics of Indian Women Writers/ (Record no. 207525)
[ view plain ]
| 000 -LEADER | |
|---|---|
| fixed length control field | 00660nam a22002057a 4500 |
| 005 - DATE AND TIME OF LATEST TRANSACTION | |
| control field | 20241210143706.0 |
| 010 ## - LCCN (DPL NO) | |
| LC control number | ENG-142920 |
| 020 ## - INTERNATIONAL STANDARD BOOK NUMBER | |
| International Standard Book Number | 9788184841053 |
| Terms of availability | 780.00 |
| 035 ## - SYSTEM CONTROL NUMBER | |
| System control number | EN-126452 |
| 037 ## - SOURCE OF ACQUISITION | |
| Source of stock number/acquisition | DBAD |
| 037 ## - SOURCE OF ACQUISITION | |
| Source of stock number/acquisition | DBAD |
| 082 ## - DEWEY DECIMAL CLASSIFICATION NUMBER | |
| Classification number | 305.4 |
| Edition number | 1 |
| 100 ## - MAIN ENTRY--PERSONAL NAME | |
| Personal name | Sujatha, K R |
| 245 ## - TITLE STATEMENT | |
| Title | Feminine Aesthetics of Indian Women Writers/ |
| Statement of responsibility, etc | by S Gokilavani [and] K R Sujatha |
| 260 ## - PUBLICATION, DISTRIBUTION, ETC. (IMPRINT) | |
| Place of publication, distribution, etc | New Delhi |
| Name of publisher, distributor, etc | Regal Publications |
| Date of publication, distribution, etc | 2011 |
| 270 ## - ADDRESS | |
| Address | F-159, Rajouri Garden |
| City | New Delhi |
| Postal code | 110027 |
| Telephone number | 45546396 |
| Electronic mail address | regalbookspub@yahoo.com |
| 300 ## - PHYSICAL DESCRIPTION | |
| Extent | xv,199p. |
| Dimensions | 22cm(hb) |
| 700 ## - ADDED ENTRY--PERSONAL NAME | |
| Personal name | Gokilavani, S |
| Relator term | Author |
| 9 (RLIN) | 74897 |
| 942 ## - ADDED ENTRY ELEMENTS (KOHA) | |
| Source of classification or shelving scheme | Dewey Decimal Classification |
| Item type | English Books |
| Call number suffix | SUJ |
| Classification part | 305.4 |
| Withdrawn status | Lost status | Not for loan | Collection code | Home library | Current library | Date acquired | Source of acquisition | Cost, normal purchase price | Full call number | Barcode | Copy number | Cost, replacement price | Koha item type |
|---|---|---|---|---|---|---|---|---|---|---|---|---|---|
| Non-fiction | R.K.Puram-8 | R.K.Puram-8 | 10/12/2024 | Delivery of Books Division | 780.00 | SUJ 305.4 | EN-126452 | 1 | 780.00 | English Books |
